Marketing-Management Konzepte - Instrumente - Unternehmensfallstudien

Gespeichert in:
Bibliographische Detailangaben
1. Verfasser: Kotler, Philip
Weitere Verfasser: Lane Keller, Kevin, Chernev, Alexander, Opresnik, Marc Oliver
Format: Buch
Sprache:Deutsch
Veröffentlicht: München Pearson 2023
Ausgabe:16. aktualisierte Auflage
Schlagworte:
Tags: Tag hinzufügen
Keine Tags, Fügen Sie das erste Tag hinzu!

MARC

LEADER 00000nam a2200000 4500
001 0300001
005 20240604084837.1
020 |a 978-3-86894-443-3 
041 0 |a ger 
044 |a DE 
245 1 0 |a Marketing-Management  |b Konzepte - Instrumente - Unternehmensfallstudien  |c Philip Kotler, Kevin Lane Keller, Alexander Chernev, Marc Oliver Opresnik 
250 |a 16. aktualisierte Auflage 
264 1 |a München  |b Pearson  |c 2023 
300 |a 666 s. 
610 2 0 |a marketing manažment 
610 2 0 |a plán marketingový 
610 2 0 |a stratégia marketingová 
610 2 0 |a prieskum trhu 
610 2 0 |a segmentácia trhu 
610 2 0 |a komunikácia marketingová 
610 2 0 |a predaj priamy 
610 2 0 |a marketing priamy 
610 2 0 |a riadenie vzťahov so zákazníkmi 
610 2 0 |a zodpovednosť spoločenská 
100 1 |a Kotler, Philip 
700 1 |a Lane Keller, Kevin 
700 1 |a Chernev, Alexander 
700 1 |a Opresnik, Marc Oliver